000 00613nam a2200205 i 4500
001 49153
003 ES-MaACL
005 20250813063305.0
007 t|
008 030710s1961 sp f |||| | spa d
100 1 _aCorrochano, Gregorio,
_d1882-1961
_940789
245 1 0 _aCuando suena el clarín /
_cGregorio Corrochano.
260 _aMadrid :
_bRevista de Occidente,
_c[1961]
300 _a208 p., [47] h. de lám. ;
_c22 cm.
599 _aRetr. del autor.
650 4 _aCorridas de toros.
_911370
650 4 _aToreros-
_zEspaña.
_9150954
852 _aES-MaACL
_jF-6278
999 _c49153
_d49153